Leçons sur les propriétés des tissus vivants / (Record no. 151978)

MARC details
000 -LEADER
campo de control de longitud fija 00974nam a22002412i 4500
001 - NÚMERO DE CONTROL
campo de control 151978
003 - IDENTIFICADOR DE NÚMERO DE CONTROL
campo de control ES-MaACL
005 - FECHA Y HORA DE LA ÚLTIMA TRANSACCIÓN
campo de control 20251002203213.0
008 - DATOS DE LONGITUD FIJA--INFORMACIÓN GENERAL
campo de control de longitud fija 920727s1866 fr a |||| | fre d
040 ## - FUENTE DE CATALOGACIÓN
Centro catalogador/agencia de origen CAT
Lengua de catalogación spa
Centro/agencia transcriptor CAT
Centro/agencia modificador CCPB
080 ## - NÚMERO DE LA CLASIFICACIÓN DECIMAL UNIVERSAL
Número de la Clasificación Decimal Universal 612
100 1# - ENTRADA PRINCIPAL--NOMBRE DE PERSONA
Nombre de persona Bernard, Claude,
Fechas asociadas al nombre 1813-1878
9 (RLIN) 28231
245 10 - MENCIÓN DEL TÍTULO
Título Leçons sur les propriétés des tissus vivants /
Mención de responsabilidad, etc. par Claude Bernard ; recueillies, rédigées et publiées par Emile Alglave.
260 ## - PUBLICACIÓN, DISTRIBUCIÓN, ETC.
Lugar de publicación, distribución, etc. Paris [etc.] :
Nombre del editor, distribuidor, etc. Germer Baillière [etc.],
Fecha de publicación, distribución, etc. 1866.
300 ## - DESCRIPCIÓN FÍSICA
Extensión 492 p. :
Otras características físicas il. ;
Dimensiones 22 cm.
490 1# - MENCIÓN DE SERIE
Mención de serie Cours de physiologie générale de la Faculté des sciences de Paris
595 ## -
-- En port.: Extrait de la Revue des cours scientifiques.
650 #7 - PUNTO DE ACCESO ADICIONAL DE MATERIA--TÉRMINO DE MATERIA
Término de materia o nombre geográfico como elemento de entrada Tejidos
Fuente del encabezamiento o término embne
9 (RLIN) 17422
700 1# - ENTRADA AGREGADA--NOMBRE PERSONAL
Nombre de persona Alglave, Emile,
Fechas asociadas al nombre 1842-1929
9 (RLIN) 125611
830 0# - PUNTO DE ACCESO ADICIONAL DE SERIE-TÍTULO UNIFORME
Título uniforme Cours de physiologie générale de la Faculté des sciences de Paris
9 (RLIN) 221280
852 ## - LOCALIZACIÓN
Ubicación ES-MaACL
Número de control de estantería B-580
Nota libre -- Enc. hol.
Holdings
Estatus retirado Estado de pérdida Estado de daño No para préstamo Colección Biblioteca de origen Biblioteca actual Ubicación en estantería Fecha de adquisición Fuente de adquisición Total de préstamos Signatura topográfica completa Código de barras Visto por última vez Precio de reemplazo Tipo de ítem Koha
        Libros del s. XIX Biblioteca del Ateneo de Madrid Biblioteca del Ateneo de Madrid Sala Pardo Bazán 17/01/2008     B-580 1158636 23/02/2023 23/02/2023 Libro impreso antiguo